00579nam a2200181Ia 4500008004100000020002200041082001600063100002300079245004800102250000800150260004700158300001000205600003300215650001500248942000800263952010900271999001700380241115s9999 xx 000 0 und d a978-0-521-89797-6 a174.962 WHI aWhitbeck, Caroline 0aEthics in Engineering Practice and Research a2nd aAmerica:bCambridge University pressc2011 a414p. aHumanities & Natural Science aPsychology cBBD 001040708BB-HUMaUITUbUITUd2017-03-10eFBCg280.00l0pBB2578r2024-11-15 09:47:57w0000-00-00yBBD c27071d27071